| 000 | 00463nam a2200169Ia 4500 | ||
|---|---|---|---|
| 008 | 180921t1972 xxu||||| |||| 00| 0 sin d | ||
| 041 | _asin | ||
| 080 |
_a613 _bJAY |
||
| 100 | _aJayawardana, K.W.A. | ||
| 245 | _aසෞඛ්ය අධ්යාපනය 9 ශ්රේණිය | ||
| 246 | _aSaukya adhyapanaya 9 sheniya | ||
| 260 |
_b _c1972 |
||
| 300 | _a121p., 22 cm | ||
| 942 | _cBK | ||
| 999 |
_c17820 _d17820 |
||
| 003 | LK-CoDNM | ||
| 040 |
_aLK-CoDNM _dLK-CoDNM _eLK-CoDNM |
||